000 01271nam a2200349 i 4500
003 EG-GICUC
005 20260208145826.0
008 260208s1993 fr ||fr|||| 001 0 fre d
020 _a2275005188
040 _aEG-GiCUC
_bita
_cEG-GiCUC
_dEG-GiCUC
_eRda
041 0 _aita
082 0 4 _221
_a341.84
_bCO . C
092 0 4 _221
099 _aLaw1 12 341.84 CO . C 1993
100 1 _aCoursier, Philippe
_eAuteur
245 1 3 _aLe Conflit De Lois En Matière De Contrat De Travail :
_bÉtude En Droit International Privé Français /
_cPhilippe Coursier; Préface De Bernard Teyssié.
264 1 _aParis :
_bLibrairie Générale De Droit Et De Jurisprudence,
_c1993.
300 _a338 page,
_c24 cm.
336 _2rda contenu
_a texte
337 _2rda medias
_aOrdinateur
338 _2 transporteur rda
_a Ressource en ligne
490 _aBibliothèque De Droit Privé
_vTome 230
504 _aComprend des références bibliographiques et un index.
504 _aBibliographie : pages 297-316
546 _aTexte en français
650 1 4 _aDroit international privé
_2
651 1 _2
700 1 _aTeyssié, Bernard
_ePréfacier
856 4 0 _uhttps://fll.law.cu.edu.eg/fulltext/bks/B12-02198.pdf
905 _a48
942 _2ddc
_cBK
_e21
_n0
999 _c61676
_d61676